Κατάλογος Βιβλιοθηκών Mediterranean College

Διδάσκοντας Αυτιστικά Παιδιά / Τρόποι για να Αναπτύξετε την Επικοινωνία και την Κοινωνικότητα (Record no. 8152)

MARC details
000 -LEADER
fixed length control field 02325cam a22002174a 4500
005 - ΗΜΕΡΟΜΗΝΙΑ ΚΑΙ ΩΡΑ ΤΕΛΕΥΤΑΙΑΣ ΕΝΗΜΕΡΩΣΗΣ
Πεδίο ελέγχου 20250605164328.0
008 - FIXED-LENGTH DATA ELEMENTS--GENERAL INFORMATION
Πεδίο ελέγχου σταθερού μήκους 250528s ||||||||||||||||||||||||d
035 ## - SYSTEM CONTROL NUMBER
System control number 23122
020 ## - ISBN
ISBN 9602864761
040 ## - ΠΗΓΗ ΚΑΤΑΛΟΓΟΓΡΑΦΗΣΗΣ
Φορέας πρωτότυπης καταλογογράφησης MC Athens Campus Library
Γλώσσα καταλογογράφησης Ελληνικά, Μοντέρνα (1453-)
Modifying agency MC Athens Campus Library
Κανόνες περιγραφικής καταλογογράφησης AACR2
245 1# - ΤΙΤΛΟΣ ΚΑΙ ΔΗΛΩΣΗ ΥΠΕΥΘΥΝΟΤΗΤΑΣ
Τίτλος Διδάσκοντας Αυτιστικά Παιδιά / Τρόποι για να Αναπτύξετε την Επικοινωνία και την Κοινωνικότητα
260 ## - PUBLICATION, DISTRIBUTION, ETC.
Name of publisher, distributor, etc. Έλλην,
Date of publication, distribution, etc. 2005
300 ## - PHYSICAL DESCRIPTION
Extent 408
520 ## - SUMMARY, ETC.
Summary, etc. Εισαγωγή, Απόψεις για τον Αυτισμό, Η Σκέψη για τον Αυτισμό: Μαθησιακές και Αναπτυξιακές Διαφορές, Ο Τρόπος Μάθησης των Αυτιστικών: Μία Αυτοβιογραφία, Διδάσκοντας Αυτιστικά Παιδιά: Τι Επιθυμούν οι Γονείς, Επαύξηση Επικοινωνίας, Επαυξάνοντας την Επικοινωνία σε Μη Λεκτικά Αυτιστικά Παιδιά, Στρατηγικές Αξιολόγησης και Παρέμβασης για Παιδιά που Παρουσιάζουν Ηχολαλιά, Μέθοδοι Επαύξησης της Επικοινωνίας σε Λεκτικά Παιδιά, Επαυξάνοντας τις Κοινωνικο Επικοινωνιακές Αλληλεπιδράσεις, Προωθώντας την Κοινωνικότητα, Υποβοηθώντας το Παιχνίδι των Παιδιών, Διδάσκοντας Αυτιστικά Παιδιά να ''Αναγνωρίζουν'' Κοινωνικές Καταστάσεις, Περιβαλλοντικά Βοηθήματα για την Ανάπτυξη Προσαρμοστικότητας και Ανεξαρτησίας, Επιλύοντας Προβλήματα Κοινωνικής Συμπεριφοράς με τη Χρήση Οπτικώς Υποβοηθούμενης Επικοινωνίας, Επαναλαμβανόμενη Γνωσιακή Εξάσκηση με Εικόνες: Ένα Σύστημα για τη Διδασκαλία Αυτοέλεγχου.
700 1# - ΠΡΟΣΘΕΤΗ ΑΝΑΓΡΑΦΗ--ΦΥΣΙΚΟ ΠΡΟΣΩΠΟ
Personal name Quill Kathleen Ann
9 (RLIN) 7562
700 1# - ΠΡΟΣΘΕΤΗ ΑΝΑΓΡΑΦΗ--ΦΥΣΙΚΟ ΠΡΟΣΩΠΟ
Personal name Αντωνιάδης Γ
9 (RLIN) 8686
700 1# - ΠΡΟΣΘΕΤΗ ΑΝΑΓΡΑΦΗ--ΦΥΣΙΚΟ ΠΡΟΣΩΠΟ
Personal name Μεσσήνης Λ
9 (RLIN) 8687
942 ## - ADDED ENTRY ELEMENTS (KOHA)
Koha item type Books
Holdings
Τύπος τεκμηρίου Βιβλιοθήκη Τρέχουσα τοποθεσία Barcode Αριθμός εισαγωγής Ημερομηνία απόκτησης Ταξιθετικό σύμβολο Αριθμός αντιτύπου Κατάσταση απόσυρσης Κατάσταση χαμένου Κατάσταση κατεστραμμένου Μη δανεισμός Σύνολο δανεισμών Ημερομηνία τελευταίας εμφάνισης Η τιμή ισχύει από
Books MC Athens Campus Library MC Athens Campus Library 9780000081513 7639 05/06/2025 371.94 QUI 1           05/06/2025 05/06/2025

MC Athens Campus Library
Πατησίων 94 & Κοδριγκτώνος 13, 104 34
Πελλήνης 8 & Πατησίων 107, 112 51
Τ: +30 210 8899600

MC Thessaloniki Campus Library
Ίωνος Δραγούμη 21, 54625 | Ίωνος Δραγούμη 15, 54625
Τ: +30 2310 287779 – Τ: +30 2314 440300